00726nam a2200253Ia 4500003000400000005001700004008004100021020001800062040000700080041000800087082001900095100002400114245002600138250000600164260004700170300001200217365001300229440000600242650002900248906002800277942001200305999001900317952013600336OSt20230317102227.0210423s2012 xx 000 0 und d a9788177585421 cAL aeng a547 223bFINI aFINAR (I L).944199 aOrganic chemistry.V1. a5 aNew DelhibPearson Education Pvt Ltdc2012 a956bPB b625cINR v1 aOrganic Chemistry944200 achemistry.V1. ; Organic 2ddccBK c153706d153706 001040708ACaSACPGbSACPGd2007-12-04eHigginbothams Pvt Ltdg625.00l0o547 FINIpPG000173r2022-08-24 00:00:00w2021-04-26yBK